• 首页
  • 本馆介绍
  • 公告通知
  • 最新文献
  • 馆藏检索
  • 电子资源
  • 读者导购
  • 参考咨询
  • 我的图书馆
  • 登录
  • 详细信息显示
  • 放入我的书架
  • 预约/预借图书
  • 作者相关作品
  • 分类相关作品
  • 丛书相关作品
  • 出版社相关作品

书目信息

  • 表格格式
  • 工作单格式
  • 卡片格式
题名:
殊途同归
    
 
作者: 汪东林 著
分册:  
出版信息: 北京   中国文史出版社  2015
页数: 257页
开本: 23cm
丛书名:
单 册:
中图分类: K825.2=75 , K825.2=72
科图分类:
主题词:
电子资源:
ISBN: 978-7-5034-6725-7
000 01164nam0 22002651 450
001 1760919790
005 20170619171931.0
010    @a978-7-5034-6725-7@dCNY38.00
100    @a20151202d2015 em y0chiy50 ea
101 0  @achi
102    @aCN@b110000
105    @aa z 000yd
106    @ar
200 1  @a殊途同归@9shu tu tong gui@e宋希濂与陈赓大将的故事@f汪东林著
210    @a北京@c中国文史出版社@d2015
215    @a257页@c照片@d23cm
330    @a陈赓与宋希濂都是从湖南湘乡走出来的战将,同为黄埔军校第一期学员。陈赓是共产党的大将,宋希濂是国民党的“鹰犬将军”。他们在战场上有过并肩抗击外来侵略者的战斗岁月,也曾代表各自阶级进行过你死我活的拼杀。两人虽然走过的人生道路不一样,但相互真挚的情谊却延续一生。汪东林编著的此书讲述了宋希濂与陈赓之间在有合有分的历史中许多鲜为人知的趣事。
517 1  @a宋希濂与陈赓大将的故事@9song xi lian yu chen geng da jiang de gu shi
600  0 @a宋希濂@9song xi lian@f(1907-1993)@x生平事迹
600  0 @a陈赓@9chen geng@f(1903-1961)@x生平事迹
690    @aK825.2=75@v5
690    @aK825.2=72@v5
701  0 @a汪东林@9wang dong lin@f(1938~)@4著
801  0 @aCN@b百万庄@c20170617
905    @b1013637-9@dK825.2=75@e971@f3
    
    殊途同归:宋希濂与陈赓大将的故事/汪东林著 .-北京:中国文史出版社,2015
    257页:照片;23cm
    
    
    ISBN 978-7-5034-6725-7:CNY38.00
    陈赓与宋希濂都是从湖南湘乡走出来的战将,同为黄埔军校第一期学员。陈赓是共产党的大将,宋希濂是国民党的“鹰犬将军”。他们在战场上有过并肩抗击外来侵略者的战斗岁月,也曾代表各自阶级进行过你死我活的拼杀。两人虽然走过的人生道路不一样,但相互真挚的情谊却延续一生。汪东林编著的此书讲述了宋希濂与陈赓之间在有合有分的历史中许多鲜为人知的趣事。
●
相关链接 在E读中查询图书 在五车中查询图书 在当当中查询图书 在豆瓣中查询图书


正题名:殊途同归     索取号:K825.2=75/971         预约/预借

序号 登录号 条形码 馆藏地/架位号 状态 备注
1 1013637   210136379   第二样本阅览室/ [索取号:K825.2=75/971] 在馆    
2 1013638   210136388   第二借阅区/ [索取号:K825.2=75/971] 在馆    
3 1013639   210136397   教育系资料室/ [索取号:K825.2=75/971] 在馆    
唐山师范学院图书馆 欢迎您!
大连网信软件有限公司© 版权所有